Catálogo

El mueble mexicano : (Registro nro. 5444)

Detalles MARC
000 -LEADER
fixed length control field 01005cam a2200265 i 4500
001 - CONTROL NUMBER
control field 5444
003 - CONTROL NUMBER IDENTIFIER
control field Mx-PuUPA
005 - DATE AND TIME OF LATEST TRANSACTION
control field 20220310115146.0
008 - FIXED-LENGTH DATA ELEMENTS--GENERAL INFORMATION
fixed length control field 140415s1985 mx a gr 000 0 spa d
040 ## - CATALOGING SOURCE
Original cataloging agency Mx-PuUPA
Language of cataloging spa
Transcribing agency Mx-PuUPA
Modifying agency Mx-PuUPA
Description conventions rda
041 0# - LANGUAGE CODE
Language code of text/sound track or separate title spa
245 03 - TITLE STATEMENT
Title El mueble mexicano :
Remainder of title historia, evolución e influencias /
Statement of responsibility, etc. Carmen Aguilera, Elisa Vargas Lugo, Marita Martínez del Río del Redo [y otros seis]
264 #1 - PRODUCTION, PUBLICATION, DISTRIBUTION, MANUFACTURE, AND COPYRIGHT NOTICE
Place of production, publication, distribution, manufacture México :
Name of producer, publisher, distributor, manufacturer Fomento Cultura Banamex,
Date of production, publication, distribution, manufacture, or copyright notice 1985
300 ## - PHYSICAL DESCRIPTION
Extent 219 páginas :
Other physical details ilustraciones (principalmente a color) ;
Dimensions 30 cm.
336 ## - CONTENT TYPE
Fuente rdacontent
Content type term texto
Content type code txt
337 ## - MEDIA TYPE
Source rdamedia
Media type term sin medio
Media type code n
338 ## - CARRIER TYPE
Source rdacarrier
Carrier type term volumen
Carrier type code nc
650 #7 - SUBJECT ADDED ENTRY--TOPICAL TERM
Topical term or geographic name entry element Muebles
General subdivision Historia
Geographic subdivision México
Source of heading or term armarc
700 ## - ADDED ENTRY--PERSONAL NAME
Personal name Aguilera, Carmen,
Relator term colaborador
700 ## - ADDED ENTRY--PERSONAL NAME
Personal name Vargas Lugo, Elisa,
Relator term colaboración
700 ## - ADDED ENTRY--PERSONAL NAME
Personal name Martínez del Río del Redo, Marita,
Relator term colaborador
942 ## - ADDED ENTRY ELEMENTS (KOHA)
Source of classification or shelving scheme Dewey Decimal Classification
Koha item type Libro
Classification part 749.0972
Item part M945
Existencias
Withdrawn status Lost status Source of classification or shelving scheme Damaged status Not for loan Collection code Home library Current library Shelving location Date acquired Source of acquisition Total Checkouts Full call number Barcode Date last seen Price effective from Koha item type
    Dewey Decimal Classification     General Biblioteca Karol Wojtyla Biblioteca Karol Wojtyla Sala general 03/12/2013 Compra   749.0972 M945 1985 17311 05/01/2026 03/12/2013 Libro